La renaissance: scènes historiques
Guardat en:
| Autor principal: | |
|---|---|
| Format: | Llibre |
| Idioma: | francès |
| Publicat: |
Mónaco
Du Rocher
1947
|
| Col·lecció: | Collection Grands et Petits Chefs-D'Ouvre
|
| Matèries: | |
| Etiquetes: |
Afegir etiqueta
Sense etiquetes, Sigues el primer a etiquetar aquest registre!
|
MARC
| LEADER | 00000nam a2200000 a 4500 | ||
|---|---|---|---|
| 001 | UCP9982 | ||
| 003 | CL-VaPUC | ||
| 008 | 000407e19470000mc |||||||||||||||||fre|d | ||
| 082 | 0 | 4 | |a 940.21 |b GOB |2 21 |
| 100 | 0 | |a Gobineau, Comte de |e author |9 440988 | |
| 245 | 1 | 3 | |a La renaissance: scènes historiques |
| 300 | |a 445 p | ||
| 942 | |c BK | ||
| 945 | |d 20000407 00:00:00 |a rherrera | ||
| 260 | |a Mónaco |b Du Rocher |c 1947 | ||
| 600 | 0 | 7 | |a SAVONAROLA, JERONIMO |2 CL-VaPUC |9 345059 |
| 600 | 0 | 7 | |a BORGIA, CESAR |2 CL-VaPUC |9 440989 |
| 600 | 0 | 7 | |a LEON X |2 CL-VaPUC |9 440990 |
| 600 | 0 | 7 | |a JULIO II |2 CL-VaPUC |9 440991 |
| 600 | 0 | |a Miguel Angel |q (Buonarroti, Michelangelo) |d 1475-1564 |9 880971 | |
| 650 | 0 | |a Historia de Europa |9 376266 | |
| 650 | 0 | |a Renacimiento |9 255107 | |
| 650 | 0 | |a Papas |9 258738 | |
| 650 | 0 | |a Militares |9 336881 | |
| 650 | 0 | |a Artistas |9 262026 | |
| 651 | 0 | |a Europa |9 255156 | |
| 651 | 0 | |a Italia |9 254949 | |
| 490 | 0 | |a Collection Grands et Petits Chefs-D'Ouvre | |
| 999 | |c 286762 |d 286760 | ||
| 583 | |k Rodrigo Vera | ||
| 952 | |0 0 |1 0 |4 0 |6 940_210000000000000_GOB_1947 |7 0 |8 X |9 332882 |a BIBHIS |b BIBHIS |d 2019-11-20 |i 1263889 |o 940.21 GOB 1947 |p 1263889 |r 2024-01-30 |w 2019-11-20 |y BK_X |k HIS | ||